Normal view
MARC view
- Pocket Book of Technology Writing for Engineers and Scientists
Entry Topical Term
001 - CONTROL NUMBER
- control field: 4038
003 - CONTROL NUMBER IDENTIFIER
- control field: JO-AjAnu
005 - DATE AND TIME OF LATEST TRANSACTION
- control field: 20230606070949.0
008 - FIXED-LENGTH DATA ELEMENTS
- fixed length control field: 230606|| aca||aabn | a|a d
040 ## - CATALOGING SOURCE
- Original cataloging agency: JO-AjAnu
- Transcribing agency: JO-AjAnu
150 ## - HEADING--TOPICAL TERM
- Topical term or geographic name entry element: Pocket Book of Technology Writing for Engineers and Scientists
670 ## - SOURCE DATA FOUND
- Source citation: Work cat.: (JO-AjAnu)2101: Finkelstein,Leo, author 4037, Pocket Book of Technology Writing for Engineers and Scientists